| 000 | 00731nam a2200217 a 4500 | ||
|---|---|---|---|
| 001 | 1280 | ||
| 003 | CDMR | ||
| 005 | 20131106132527.0 | ||
| 008 | 130130s2002||||sp |||||||||||||||||cat|d | ||
| 020 | _a8479358734 | ||
| 040 |
_aCDMR _bcat _cCDMR |
||
| 100 | 1 |
_93378 _aClosa, Francesc |
|
| 245 | 1 | 0 |
_aCatalanisme i renovació a la premsa carlina a Lleida _b: ideologia i poder a El Almogávar leridano, El Loredan i l'Almogáver (1890-1910) _cFrancesc Closa ; próleg de Jaume Barull |
| 260 |
_aLleida _bPagès _c2002 |
||
| 300 | _a235 p. | ||
| 490 | 0 |
_aRetall _v4 |
|
| 650 | 0 | 4 |
_91635 _aPremsa _zLleida _y1890-1910 |
| 650 | 0 | 4 |
_93379 _aNacionalisme _zCatalunya |
| 650 | 0 | 4 |
_94089 _aPremsa i política _zCatalunya _y1890-1910 |
| 942 |
_cMON _2udc |
||
| 999 |
_c1280 _d1280 |
||